000 01408nam a2200241Ia 4500
003 Ost
005 20260507075142.0
008 260507s9999||||xx |||||||||||||| ||und||
020 _a73227189957
040 _cfsecg
041 _aara
082 _a330
100 _aالمومني، غازي فلاح
_eمؤلف
245 0 _aإدارة المحافظ الاستثمارية الحديثة /
_c غازي فلاح المومني
260 _aعمان:
_bدار المناهج,
_c2009
300 _a320 صفحة؛
_bإيضاحات ؛
_c24 سم
504 _aالمراجع ص.317
520 _aمقدمة عامة عن المحافظ- النموذج العالمي لإدارة المحافظ- العوائد والمخاطرة- المحفظة الإستثمارية والمنفعة ومنحنيات السواء- مخاطر المحفظة والعوامل المؤثرة عليها- كفاءة السوق- إختيار المحفظة المثلى بواسطة تحديد الخط الفعال بالأرقام- نماذج مهمة للمحافظة الإستثمارية- قياس أداء المحافظة الإسثمارية- المحافظ الإستثمارية الدولية- مؤشرات السوق ودورها في إدارة المحافظ
653 _aالإستثمار
653 _aالإستثمار المالي
653 _aالأوراق المالية
942 _cكتاب
999 _c43304
_d43304